[Event "4NCL 2017-18"]
[Site "England ENG"]
[Date "2018.05.07"]
[Round "11.53"]
[White "Ashton, Adam G"]
[Black "Bates, Richard A"]
[Result "1/2-1/2"]
[WhiteTitle "FM"]
[BlackTitle "IM"]
[WhiteElo "2364"]
[BlackElo "2371"]
[WhiteTeam "3Cs"]
[BlackTeam "Blackthorne Russia"]
[WhiteFideId "410110"]
[BlackFideId "403555"]
[EventDate "2017.11.11"]

1. e4 c5 2. Nf3 d6 3. Bb5+ Nd7 4. c3 Nf6 5. Qe2 a6 6. Ba4 b5 7. Bc2 Bb7 8. O-O
Qc7 9. a4 bxa4 10. Rxa4 e6 11. d4 Be7 12. Re1 d5 13. e5 Ne4 14. Nbd2 cxd4 15.
Nxe4 dxe4 16. Bxe4 dxc3 17. Rc4 Qb8 18. bxc3 Bxe4 19. Qxe4 O-O 20. Bg5 Qd8 21.
h4 h6 22. Bd2 Nc5 23. Qg4 Kh7 24. Rd4 Qc7 25. Be3 Rad8 26. Rc4 Rd5 27. Qh5 f5
28. Rb1 Qd7 29. Rb6 Nd3 30. Rxa6 Nxe5 31. Nxe5 Rxe5 32. Ra7 Qe8 33. Qxe8 Rxe8
34. Rcc7 Bf6 35. g3 Rb5 36. c4 Rb1+ 37. Kg2 e5 38. c5 Rb4 39. Kf3 Rc4 40. h5 f4
41. gxf4 exf4 42. Bxf4 Bd4 43. Be3 Rc3 44. Kg4 Re4+ 45. Kf5 Re5+ 46. Kf4 Rexc5
47. Rxc5 1/2-1/2

[Event "4NCL 2017-18"]
[Site "England ENG"]
[Date "2018.05.07"]
[Round "11.54"]
[White "Ledger, Andrew J"]
[Black "Longson, Alexander"]
[Result "1/2-1/2"]
[WhiteTitle "IM"]
[BlackTitle "FM"]
[WhiteElo "2369"]
[BlackElo "2331"]
[WhiteTeam "Blackthorne Russia"]
[BlackTeam "3Cs"]
[WhiteFideId "400610"]
[BlackFideId "408093"]
[EventDate "2017.11.11"]

1. d4 d5 2. c4 e6 3. Nc3 Nf6 4. cxd5 Nxd5 5. e4 Nxc3 6. bxc3 c5 7. Nf3 cxd4 8.
cxd4 Bb4+ 9. Bd2 Bxd2+ 10. Qxd2 O-O 11. Bc4 Nd7 12. O-O b6 13. e5 Bb7 14. Qe3
Qe7 15. Ng5 Rfd8 16. Bd3 h6 17. Ne4 Bxe4 18. Bxe4 Rac8 19. Qb3 Nb8 20. d5 exd5
21. Bxd5 Nc6 22. Bxc6 Rxc6 23. f4 Qc5+ 24. Kh1 Rd2 25. Rad1 Qd4 26. Qf3 Rc4 27.
Rxd2 Qxd2 28. h4 Qxa2 29. h5 Qd2 30. Kh2 a5 31. Qg4 Qe3 32. Qf5 Qe4 33. Qd7 Rc2
34. Qg4 b5 35. Rf3 Qe2 36. Qh3 b4 37. Rg3 a4 38. Qf5 Rc6 39. Qd7 Re6 40. Qxa4
Qxh5+ 41. Rh3 Qe2 42. Qxb4 Rg6 43. Qb7 Qg4 1/2-1/2

[Event "4NCL 2017-18"]
[Site "England ENG"]
[Date "2018.05.07"]
[Round "11.55"]
[White "Congiu, Mathilde"]
[Black "Ansell, Simon T"]
[Result "1/2-1/2"]
[WhiteTitle "WIM"]
[BlackTitle "IM"]
[WhiteElo "2229"]
[BlackElo "2342"]
[WhiteTeam "3Cs"]
[BlackTeam "Blackthorne Russia"]
[WhiteFideId "634581"]
[BlackFideId "402141"]
[EventDate "2017.11.11"]

1. e4 c5 2. Nc3 Nc6 3. Nf3 e5 4. Bc4 Be7 5. d3 d6 6. Nd2 Bg5 7. Nf1 Bxc1 8. Rxc1
Nf6 9. Ne3 O-O 10. O-O Be6 11. Ncd5 Nb4 12. Nxf6+ Qxf6 13. c3 Nc6 14. Nd5 Qd8
15. Re1 Rc8 16. g3 Ne7 17. Nxe7+ Qxe7 18. Qb3 Bxc4 1/2-1/2

[Event "4NCL 2017-18"]
[Site "England ENG"]
[Date "2018.05.07"]
[Round "11.56"]
[White "Ledger, Dave J"]
[Black "Bentley, John L"]
[Result "1-0"]
[WhiteTitle "FM"]
[WhiteElo "2182"]
[BlackElo "2151"]
[WhiteTeam "Blackthorne Russia"]
[BlackTeam "3Cs"]
[WhiteFideId "401986"]
[BlackFideId "409901"]
[EventDate "2017.11.11"]

1. e4 c5 2. Nf3 Nc6 3. d4 cxd4 4. Nxd4 g6 5. c4 Bg7 6. Nc2 Nf6 7. Nc3 O-O 8. Be2
d6 9. O-O b6 10. Be3 Bb7 11. f3 Rc8 12. Qd2 Ne5 13. b3 Qc7 14. Rac1 Rfd8 15.
Rfd1 Qb8 16. Nd5 Re8 17. a4 Nfd7 18. Bg5 Nc5 19. Rb1 f6 20. Be3 e6 21. Nc3 f5
22. exf5 gxf5 23. Nb5 d5 24. Bf4 dxc4 25. bxc4 a6 26. Nd6 Red8 27. Bxe5 Bxe5 28.
Qg5+ Bg7 29. Nxc8 Rxc8 30. Rxb6 Qa7 31. a5 Bc6 32. Rd8+ Rxd8 33. Qxd8+ 1-0

[Event "4NCL 2017-18"]
[Site "England ENG"]
[Date "2018.05.07"]
[Round "11.57"]
[White "Walton, Alan J"]
[Black "Eames, Robert S"]
[Result "1-0"]
[WhiteTitle "CM"]
[BlackTitle "FM"]
[WhiteElo "2154"]
[BlackElo "2173"]
[WhiteTeam "3Cs"]
[BlackTeam "Blackthorne Russia"]
[WhiteFideId "409898"]
[BlackFideId "408743"]
[EventDate "2017.11.11"]

1. d4 Nf6 2. Bg5 Ne4 3. Bf4 Nc6 4. f3 Nf6 5. e4 d5 6. e5 Nd7 7. Be3 e6 8. f4 Ne7
9. Bd3 Nf5 10. Bxf5 exf5 11. Nf3 Nb6 12. Nbd2 Be7 13. O-O O-O 14. Qe2 h6 15. b3
a5 16. c4 c6 17. a3 dxc4 18. bxc4 Na4 19. Rfc1 b6 20. Nf1 Ba6 21. Qc2 b5 22.
Qxf5 bxc4 23. Qg4 f5 24. Qg6 Bb5 25. Qe6+ Rf7 26. Ng3 Qc8 27. Qg6 Ra6 28. e6 Rf6
29. Nxf5 Bf8 30. Nxh6+ Kh8 31. Nf7+ Kg8 32. Qh5 Qxe6 33. N3g5 1-0

[Event "4NCL 2017-18"]
[Site "England ENG"]
[Date "2018.05.07"]
[Round "11.58"]
[White "Ledger, Stephen C"]
[Black "Burton, Graham P"]
[Result "1/2-1/2"]
[WhiteElo "2013"]
[BlackElo "1979"]
[WhiteTeam "Blackthorne Russia"]
[BlackTeam "3Cs"]
[WhiteFideId "404470"]
[BlackFideId "470082"]
[EventDate "2017.11.11"]

1. d4 Nf6 2. Bg5 c5 3. Bxf6 gxf6 4. d5 Qb6 5. Qc1 e6 6. c4 f5 7. Nc3 Bg7 8. e3
d6 9. Bd3 e5 10. Qc2 e4 11. Be2 Nd7 12. Nh3 Be5 13. Nf4 Nf6 14. O-O O-O 15. f3
Qd8 16. Rae1 Bd7 17. fxe4 Nxe4 18. Nxe4 fxe4 19. Qxe4 Qh4 20. g3 Qh6 21. Qf3
Rae8 22. Qh5 Qg7 23. Nd3 b5 24. cxb5 c4 25. Nxe5 Rxe5 26. Qf3 Bxb5 27. b3 Bd7
28. bxc4 Bh3 29. Rf2 Rf5 30. Qe4 Qc3 31. Rd1 Re5 32. Qd3 Qa5 33. Bf1 Bg4 34. Be2
Bh3 35. Bf1 Bg4 36. Be2 Bh3 1/2-1/2

[Event "4NCL 2017-18"]
[Site "England ENG"]
[Date "2018.05.07"]
[Round "11.61"]
[White "Carleton, John J"]
[Black "Rudd, Jack"]
[Result "1/2-1/2"]
[BlackTitle "IM"]
[WhiteElo "2258"]
[BlackElo "2273"]
[WhiteTeam "Spirit of Atticus"]
[BlackTeam "West is Best"]
[WhiteFideId "401013"]
[BlackFideId "405736"]
[EventDate "2017.11.11"]

1. d4 Nf6 2. c4 e6 3. Nc3 Bb4 4. e3 b6 5. Ne2 Ba6 6. a3 Be7 7. b3 d5 8. Bb2 O-O
9. Ng3 Re8 10. Be2 c6 11. O-O Nbd7 12. e4 dxe4 13. Ngxe4 c5 14. dxc5 Nxc5 15.
Nxc5 Bxc5 16. Bf3 Rc8 17. Qe2 Nd5 18. Qd2 Ne7 19. Rfd1 Nf5 20. Ne4 Bf8 21. g3
Qxd2 22. Rxd2 b5 23. cxb5 Bxb5 24. Nc3 Bc6 25. Bxc6 Rxc6 26. Nb5 Rb6 27. Nd4
Nxd4 28. Bxd4 Rxb3 29. Bxa7 Rxa3 30. Rxa3 Bxa3 31. Rd7 Rc8 32. Be3 Kf8 33. Kg2
Ke8 34. Ra7 Be7 35. Kf3 f6 36. g4 Rc4 37. h3 Kf7 38. Rb7 e5 39. g5 f5 40. g6+
Ke6 41. Rb6+ Kd5 42. Rb5+ Ke6 43. Rb6+ 1/2-1/2

[Event "4NCL 2017-18"]
[Site "England ENG"]
[Date "2018.05.07"]
[Round "11.62"]
[White "Cooper, John G"]
[Black "Lund, D Brett"]
[Result "1-0"]
[WhiteTitle "IM"]
[WhiteElo "2268"]
[BlackElo "2235"]
[WhiteTeam "West is Best"]
[BlackTeam "Spirit of Atticus"]
[WhiteFideId "1800027"]
[BlackFideId "401242"]
[EventDate "2017.11.11"]

1. c4 e5 2. Nc3 d6 3. g3 Nc6 4. Nf3 g5 5. d3 h6 6. e4 Bg7 7. h4 g4 8. Nh2 h5 9.
Be2 f5 10. Bg5 Bf6 11. Qd2 Nd4 12. O-O-O Nxe2+ 13. Nxe2 fxe4 14. d4 Qe7 15. Nc3
Bf5 16. Nd5 Bxg5 17. hxg5 Qg7 18. dxe5 O-O-O 19. exd6 Rxd6 20. Qf4 Bd7 21. Nf1
Ne7 22. Nxe7+ Qxe7 23. Rxd6 cxd6 24. Ne3 Qe5 25. Qxe5 dxe5 26. Nd5 Be6 27. Nf6
Kd8 28. b3 e3 29. fxe3 Ke7 30. Rxh5 Rxh5 31. Nxh5 Kf7 32. Nf6 b6 33. Kd2 Kg6 34.
Ne4 Bf5 35. Nd6 Bd7 36. Kd3 Bc6 37. Nc8 1-0

[Event "4NCL 2017-18"]
[Site "England ENG"]
[Date "2018.05.07"]
[Round "11.63"]
[White "House, Glenn L"]
[Black "Toma, Katarzyna"]
[Result "1/2-1/2"]
[WhiteTitle "FM"]
[BlackTitle "WGM"]
[WhiteElo "2199"]
[BlackElo "2264"]
[WhiteTeam "Spirit of Atticus"]
[BlackTeam "West is Best"]
[WhiteFideId "406228"]
[BlackFideId "1119907"]
[EventDate "2017.11.11"]

1. Nf3 Nf6 2. g3 g6 3. Bg2 Bg7 4. O-O O-O 5. d3 d5 6. Nbd2 c5 7. e4 Nc6 8. Re1
e5 9. a4 Re8 10. exd5 Nxd5 11. Nc4 h6 12. c3 Bf5 13. Nh4 Be6 14. a5 Nde7 15. Nf3
Qc7 16. Nfd2 Rad8 17. Qc2 Kh7 18. Bf1 Nf5 19. Qa4 Bd5 20. Ne4 Nb8 21. Qa3 Nd7
22. Bg2 Qc6 23. Qa4 Re6 24. Bh3 Qxa4 25. Rxa4 b5 26. axb6 Nxb6 27. Nxb6 axb6 28.
Bg2 Ne7 29. Bf1 Bc6 30. Ra7 Bb5 31. c4 Bc6 32. Be3 Kg8 33. Nc3 Kf8 34. Rea1 Nf5
35. R1a6 Nxe3 36. fxe3 e4 37. Nxe4 Bxe4 38. dxe4 Bxb2 39. Ra8 Rxa8 40. Rxa8+ Kg7
41. Bd3 Rd6 42. Be2 g5 43. Bh5 Rf6 44. Kg2 Bc1 45. e5 Rf5 46. e4 Rxe5 47. Ra7
Rxe4 48. Rxf7+ Kh8 49. Rf8+ Kg7 50. Rf7+ Kh8 51. Rf8+ Kg7 1/2-1/2

[Event "4NCL 2017-18"]
[Site "England ENG"]
[Date "2018.05.07"]
[Round "11.64"]
[White "Jones, Steven A"]
[Black "Ivell, Nicholas W"]
[Result "0-1"]
[WhiteElo "2225"]
[BlackElo "2201"]
[WhiteTeam "West is Best"]
[BlackTeam "Spirit of Atticus"]
[WhiteFideId "419630"]
[BlackFideId "400726"]
[EventDate "2017.11.11"]

1. d4 d5 2. Nf3 e6 3. c4 c5 4. g3 Nc6 5. cxd5 exd5 6. Bg2 Nf6 7. O-O Be7 8. Nc3
O-O 9. Bg5 cxd4 10. Nxd4 h6 11. Be3 Re8 12. Rc1 Bf8 13. Nxc6 bxc6 14. Na4 Bd7
15. Bc5 Bxc5 16. Nxc5 Bg4 17. Re1 Rb8 18. h3 Bf5 19. b3 Qa5 20. Na4 Bd7 21. Qc2
Ne4 22. Bxe4 dxe4 23. Nc5 Bxh3 24. Nxe4 Qd5 25. f3 Bf5 26. Red1 Bxe4 27. Qxe4
Rxe4 28. Rxd5 Rxe2 29. Ra5 Rd8 30. Rxa7 Rdd2 31. a4 Rg2+ 32. Kh1 Rh2+ 33. Kg1
Rdg2+ 34. Kf1 Rb2 35. Kg1 Rhg2+ 36. Kh1 Rxg3 37. Rc3 Rf2 38. b4 Rgxf3 39. Rxc6
Rb3 40. Kg1 Ra2 41. Rc8+ Kh7 42. Rxf7 Rxb4 43. Rcc7 Rb1+ 44. Rf1 Rxf1+ 45. Kxf1
Rxa4 46. Kg2 h5 47. Kg3 Kh6 48. Rc5 h4+ 49. Kh3 g5 50. Rc8 Ra3+ 51. Kg4 Ra4+ 52.
Kh3 Ra3+ 53. Kg4 Rg3+ 54. Kf5 h3 55. Rh8+ Kg7 56. Rh5 g4 57. Rg5+ Kf7 58. Kf4
Rg2 0-1

[Event "4NCL 2017-18"]
[Site "England ENG"]
[Date "2018.05.07"]
[Round "11.65"]
[White "Jackson, Sheila"]
[Black "Kett, Tim"]
[Result "1/2-1/2"]
[WhiteTitle "WGM"]
[WhiteElo "2098"]
[BlackElo "2215"]
[WhiteTeam "Spirit of Atticus"]
[BlackTeam "West is Best"]
[WhiteFideId "402508"]
[BlackFideId "1801210"]
[EventDate "2017.11.11"]

1. e4 e5 2. Nf3 Nc6 3. Bc4 Nf6 4. Ng5 Bc5 5. Bxf7+ Ke7 6. Bb3 Qe8 7. d3 h6 8.
Nf3 d6 9. Be3 Bg4 10. c3 Rf8 11. Nbd2 Nh5 12. Ba4 Nf4 13. Bxf4 Rxf4 14. Qe2 a6
15. h3 Bh5 16. O-O-O b5 17. Bb3 b4 18. Kc2 bxc3 19. bxc3 Na5 20. Rb1 Nxb3 21.
axb3 Qc6 22. Kb2 Qb5 23. Ra1 Rb8 24. Rhb1 a5 25. Kc2 Bb6 26. b4 axb4 27. Rxb4
Qc6 28. Nxe5 dxe5 29. Qxh5 g5 30. Rc4 Qd6 1/2-1/2

[Event "4NCL 2017-18"]
[Site "England ENG"]
[Date "2018.05.07"]
[Round "11.66"]
[White "Rees, Ioan"]
[Black "Latham, David"]
[Result "1-0"]
[WhiteTitle "FM"]
[WhiteElo "2278"]
[BlackElo "2102"]
[WhiteTeam "West is Best"]
[BlackTeam "Spirit of Atticus"]
[WhiteFideId "1801236"]
[BlackFideId "428280"]
[EventDate "2017.11.11"]

1. e4 d5 2. exd5 Qxd5 3. Nc3 Qa5 4. g3 Nf6 5. Bg2 c6 6. Nge2 e6 7. O-O Bd6 8. d3
Nbd7 9. Rb1 a6 10. Bd2 Qc7 11. b4 b6 12. Nd4 Bb7 13. b5 c5 14. Bxb7 Qxb7 15.
bxa6 Rxa6 16. Ndb5 Bb8 17. Qe2 O-O 18. f4 Re8 19. Rfe1 Nf8 20. Rb2 Qd7 21. Ne4
Nxe4 22. dxe4 e5 23. f5 Rd8 24. Be3 Ra5 25. Nc3 Qc6 26. Nd5 Rxd5 27. exd5 Qxd5
28. Rxb6 Ba7 29. Rb2 Ra3 30. Bf2 f6 31. Rd1 1-0

[Event "4NCL 2017-18"]
[Site "England ENG"]
[Date "2018.05.07"]
[Round "11.67"]
[White "Ackley, Peter J E"]
[Black "Bullen, Alex"]
[Result "1/2-1/2"]
[WhiteElo "2017"]
[BlackElo "2084"]
[WhiteTeam "Spirit of Atticus"]
[BlackTeam "West is Best"]
[WhiteFideId "414824"]
[BlackFideId "1801627"]
[EventDate "2017.11.11"]

1. e4 c6 2. d3 d5 3. Nd2 e5 4. Ngf3 Bd6 5. g3 Nf6 6. Bg2 O-O 7. O-O Nbd7 8. c3
Re8 9. Qc2 Qc7 10. Re1 a5 11. a4 b6 12. Rb1 Nc5 13. b3 Ba6 14. Bf1 dxe4 15. dxe4
Bxf1 16. Nxf1 Bf8 17. Bg5 Re6 18. Kg2 Rd8 19. Bxf6 Rxf6 20. Red1 Rfd6 21. Ne3
Ne6 22. Nc4 1/2-1/2

[Event "4NCL 2017-18"]
[Site "England ENG"]
[Date "2018.05.07"]
[Round "11.71"]
[White "Sowray, Peter J"]
[Black "Sreeves, Clement"]
[Result "1/2-1/2"]
[WhiteTitle "FM"]
[BlackTitle "FM"]
[WhiteElo "2365"]
[BlackElo "2389"]
[WhiteTeam "Barbican 4NCL"]
[BlackTeam "Alba"]
[WhiteFideId "400971"]
[BlackFideId "2402564"]
[EventDate "2017.11.11"]

1. Nf3 Nf6 2. g3 g6 3. Bg2 Bg7 4. O-O O-O 5. d3 c5 6. e4 Nc6 7. c3 d6 8. a3 c4
9. dxc4 Nxe4 10. Nd4 Nc5 11. b4 Nd7 12. Bxc6 bxc6 13. Nxc6 Qe8 14. Re1 Ne5 15.
Nxe5 dxe5 16. Be3 Bb7 17. Nd2 f5 18. f3 Rd8 19. Qc2 g5 20. Bxg5 Qh5 21. Bxe7
Rxd2 22. Qxd2 Qxf3 23. Rf1 Qh1+ 24. Kf2 Qxh2+ 25. Ke1 Qxg3+ 26. Kd1 Re8 27. Bc5
Qh4 28. Kc2 Rd8 29. Bd6 Qxc4 30. Rg1 Rd7 31. Kb2 Qe6 32. Rad1 Bf3 33. Rdf1 Rxd6
34. Rxg7+ Kxg7 35. Qg5+ Kh8 36. Rxf3 f4 37. Rf2 Qf6 38. Qh5 Re6 39. Qg4 Re8 40.
a4 Rg8 41. Qf3 Qf5 42. Qb7 a5 43. b5 Rg1 44. Qc7 Qb1+ 45. Ka3 Qa1+ 46. Ra2 Qc1+
47. Kb3 Qb1+ 48. Rb2 Qd1+ 49. Rc2 Qb1+ 50. Rb2 Qd1+ 51. Rc2 Qb1+ 1/2-1/2

[Event "4NCL 2017-18"]
[Site "England ENG"]
[Date "2018.05.07"]
[Round "11.72"]
[White "Greet, Andrew N"]
[Black "Morrison, Graham SCO"]
[Result "1-0"]
[WhiteTitle "IM"]
[BlackTitle "FM"]
[WhiteElo "2442"]
[BlackElo "2294"]
[WhiteTeam "Alba"]
[BlackTeam "Barbican 4NCL"]
[WhiteFideId "405817"]
[BlackFideId "2400090"]
[EventDate "2017.11.11"]

1. Nf3 Nf6 2. c4 c5 3. Nc3 e6 4. g3 b6 5. Bg2 Bb7 6. O-O d6 7. Re1 Be7 8. e4
Nbd7 9. d4 cxd4 10. Nxd4 Qc7 11. Ndb5 Qb8 12. f4 a6 13. Nd4 h5 14. h3 O-O 15. f5
e5 16. Nc2 Rc8 17. Ne3 b5 18. Ncd5 Bd8 19. b3 Bxd5 20. cxd5 Bb6 21. Kh2 Bd4 22.
Rb1 Ra7 23. Nc2 Bc5 24. Bd2 b4 25. Rc1 Rac7 26. Bf1 Qb6 27. Bd3 a5 28. Re2 Bd4
29. Ne3 Rxc1 30. Bxc1 Rc5 31. Nc4 Qc7 32. Rc2 Nb6 33. Qe2 Nxc4 34. Bxc4 g6 35.
fxg6 fxg6 36. a3 Qb6 37. axb4 axb4 38. Qf3 Nd7 39. g4 h4 40. Bg5 Rc8 41. Bxh4
Rf8 42. Qe2 Nc5 43. Bg3 Ra8 44. Rc1 Qd8 45. h4 Ra7 46. Rf1 Rf7 47. Rxf7 Kxf7 48.
g5 Kg7 49. Kg2 Qa8 50. Qf3 Qf8 51. Qg4 Qa8 52. h5 gxh5 53. Qxh5 Qa2+ 54. Kh3 Qb1
55. Qh6+ Kg8 56. Qg6+ Kh8 57. Qf6+ Kh7 58. Qf7+ Kh8 59. g6 Qh1+ 60. Bh2 1-0

[Event "4NCL 2017-18"]
[Site "England ENG"]
[Date "2018.05.07"]
[Round "11.73"]
[White "Jackson, James P"]
[Black "McKay, Roderick M"]
[Result "1/2-1/2"]
[WhiteTitle "FM"]
[BlackTitle "IM"]
[WhiteElo "2364"]
[BlackElo "2312"]
[WhiteTeam "Barbican 4NCL"]
[BlackTeam "Alba"]
[WhiteFideId "416860"]
[BlackFideId "2400049"]
[EventDate "2017.11.11"]

1. e4 c5 2. Nf3 e6 3. d4 cxd4 4. Nxd4 Nc6 5. Nc3 Nf6 6. Ndb5 Bb4 7. a3 Bxc3+ 8.
Nxc3 O-O 9. Bd3 d5 10. exd5 exd5 11. O-O h6 12. b3 Re8 13. Bb2 a6 14. Qd2 Qd6
15. Rfe1 Bd7 16. Ne2 Ne5 17. Ng3 Nxd3 18. Qxd3 Ng4 19. Qd4 Qg6 20. Nh5 Nf6 21.
Nxf6+ Qxf6 22. Qxf6 gxf6 23. Bxf6 Rxe1+ 24. Rxe1 Re8 25. Ra1 Kh7 26. Bd4 Re2 27.
c3 Bf5 28. h3 Rb2 29. b4 Rb1+ 30. Rxb1 Bxb1 31. f3 h5 32. Kf2 Bd3 33. g4 Kg6 34.
Ke3 Bf1 35. h4 Bg2 36. Kf4 Bh1 37. gxh5+ Kxh5 38. Ke5 Bxf3 39. Kd6 a5 40. bxa5
Be2 41. Kxd5 Kxh4 42. c4 Kg4 43. a6 bxa6 44. c5 a5 45. c6 a4 46. Kc5 Kf4 47. Kb4
Ke4 48. Bg1 Kd5 49. c7 Bg4 50. Kxa4 Kc6 51. Bh2 Kb7 52. Kb5 Bd7+ 53. Kb4 Ka8 1/2-1/2

[Event "4NCL 2017-18"]
[Site "England ENG"]
[Date "2018.05.07"]
[Round "11.74"]
[White "Berry, Neil"]
[Black "Klingher, Dominic"]
[Result "1-0"]
[WhiteTitle "FM"]
[WhiteElo "2265"]
[BlackElo "2153"]
[WhiteTeam "Alba"]
[BlackTeam "Barbican 4NCL"]
[WhiteFideId "2400650"]
[BlackFideId "428850"]
[EventDate "2017.11.11"]

1. d4 Nf6 2. c4 g6 3. g3 Bg7 4. Bg2 O-O 5. Nc3 d6 6. Nf3 Nc6 7. O-O a6 8. b3 Rb8
9. d5 Na5 10. Bg5 c5 11. dxc6 Nxc6 12. Rc1 h6 13. Be3 Bd7 14. Nd5 Kh7 15. Bb6
Qc8 16. Ne1 Bh3 17. Bxh3 Qxh3 18. Nxf6+ Bxf6 19. Ng2 Bg5 20. f4 Bf6 21. Ne3 h5
22. Rf3 Qd7 23. Nd5 Bg7 24. Qd2 e6 25. Nc3 Ne7 26. Bd4 f6 27. Rd3 Qc6 28. Bf2
Rbd8 29. e4 Rd7 30. Rd1 Rfd8 31. Qe3 b5 32. cxb5 axb5 33. Qb6 Qxb6 34. Bxb6 Rc8
35. Bf2 b4 36. Na4 Rc2 37. Rxd6 Rxd6 38. Rxd6 e5 39. Rd7 Nc6 40. Nc5 Kg8 41. Ne6
Bh6 42. Rc7 h4 43. Rc8+ Kh7 44. Rc7+ Kg8 45. Rc8+ Kh7 46. Nd8 hxg3 47. hxg3 Nd4
48. Rxc2 Nxc2 49. fxe5 fxe5 50. Nc6 Kg7 51. Nxe5 Bd2 52. Kf1 Kf6 53. Nf3 Bc3 54.
Ke2 Na3 55. Kd3 Nb5 56. Be1 g5 57. a4 Bxe1 58. Nxe1 Nd6 59. Kd4 Nb7 60. Nf3 g4
61. Nd2 1-0

[Event "4NCL 2017-18"]
[Site "England ENG"]
[Date "2018.05.07"]
[Round "11.75"]
[White "O'Toole, George E"]
[Black "Findlay, David John"]
[Result "1/2-1/2"]
[WhiteElo "2260"]
[BlackElo "2188"]
[WhiteTeam "Barbican 4NCL"]
[BlackTeam "Alba"]
[WhiteFideId "412732"]
[BlackFideId "2400278"]
[EventDate "2017.11.11"]

1. e4 e5 2. Nf3 d6 3. d4 exd4 4. Nxd4 g6 5. Nc3 Bg7 6. Be3 Nf6 7. Qd2 O-O 8.
O-O-O Re8 9. f3 Nc6 10. h4 a6 11. g4 Ne5 12. Be2 b5 13. h5 c5 14. Nb3 c4 15. Nd4
b4 16. Nb1 Qa5 17. hxg6 fxg6 18. g5 Nfd7 19. f4 Bb7 20. fxe5 Nxe5 21. Bf4 Rac8
22. Qe3 Nf7 23. Qh3 Nxg5 24. Bxc4+ Rxc4 25. Qb3 d5 26. Bxg5 Rxd4 27. Nd2 Bc6 28.
Rdf1 Qa4 29. Qh3 h5 30. Bf6 Rxd2 31. Kxd2 Bh6+ 32. Kd1 Qxa2 33. Qb3 Qxb3 34.
cxb3 dxe4 35. Rhg1 Kh7 36. Bh4 Bd5 37. Rf6 Bxb3+ 38. Ke1 Re6 39. Rgxg6 Rxf6 40.
Rxf6 Bg7 41. Rxa6 Bxb2 42. Kd2 Bc3+ 43. Ke3 Bc2 44. Rc6 Kg7 45. Bf6+ Bxf6 46.
Rxc2 b3 47. Rg2+ Kf7 48. Kxe4 b2 49. Rxb2 1/2-1/2

[Event "4NCL 2017-18"]
[Site "England ENG"]
[Date "2018.05.07"]
[Round "11.76"]
[White "Olson, Hamish"]
[Black "Russell, Christopher"]
[Result "1/2-1/2"]
[WhiteElo "2233"]
[BlackElo "2149"]
[WhiteTeam "Alba"]
[BlackTeam "Barbican 4NCL"]
[WhiteFideId "2404257"]
[BlackFideId "413569"]
[EventDate "2017.11.11"]

1. e4 e6 2. c3 d5 3. d3 c5 4. Nf3 Nc6 5. Be2 Bd6 6. O-O Nge7 7. a3 a5 8. a4 O-O
9. Re1 b6 10. Na3 Bb7 11. Nb5 Bb8 12. Bg5 f6 13. exd5 exd5 14. Bd2 Na7 15. d4
Nf5 16. Bd3 Nxb5 17. Bxf5 Nd6 18. Be6+ Nf7 19. dxc5 bxc5 20. b4 Ba7 21. Rb1 Bc8
22. bxa5 Bxe6 23. Rxe6 Qd7 24. Re1 Nd6 25. Bf4 Nc4 26. a6 Bb6 27. a5 Bd8 28. Nd2
Nxd2 29. Qxd2 Rxa6 30. Red1 d4 31. cxd4 cxd4 32. Qxd4 Qxd4 33. Rxd4 Rxa5 34. Rd7
Ra8 35. g3 Rf7 36. Rd5 Be7 37. Kg2 Bf8 38. Bb8 g6 39. h3 Kg7 40. Bf4 Ra2 41. h4
Rc2 42. Be3 Rfc7 43. Rbb5 h5 44. Bd4 R2c6 45. Kf3 Rd6 46. Rxd6 Bxd6 47. Ke4 Rd7
48. Rb6 Kf7 49. Be3 Be7 50. Ra6 Rc7 51. Ra7 1/2-1/2

[Event "4NCL 2017-18"]
[Site "England ENG"]
[Date "2018.05.07"]
[Round "11.77"]
[White "Coleman, David J"]
[Black "Bamber, Elaine"]
[Result "1-0"]
[WhiteTitle "CM"]
[BlackTitle "WFM"]
[WhiteElo "2060"]
[BlackElo "2102"]
[WhiteTeam "Barbican 4NCL"]
[BlackTeam "Alba"]
[WhiteFideId "402087"]
[BlackFideId "2401428"]
[EventDate "2017.11.11"]

1. e4 e5 2. Nf3 Nc6 3. d4 exd4 4. Bc4 Bc5 5. c3 Nf6 6. e5 d5 7. Be2 Ne4 8. cxd4
Bb6 9. O-O O-O 10. Nc3 Be6 11. Na4 h6 12. Be3 f6 13. exf6 Qxf6 14. Rc1 Ne7 15.
Nxb6 cxb6 16. Ne5 Nf5 17. Bd3 Nxe3 18. fxe3 Qg5 19. Qe2 Nd6 20. Ng6 Rfe8 21. h4
Qd8 22. Rf4 Nf7 23. Rcf1 Qc7 24. Qh5 Nd6 25. Qf3 Qd8 26. Qg3 Qc7 27. Ne5 g5 28.
Rf6 Nf7 29. Rxf7 Bxf7 30. Rxf7 Qc1+ 31. Rf1 Qd2 32. hxg5 h5 33. Bg6 Rf8 34. Bf7+
Kh8 35. Qf4 1-0

[Event "4NCL 2017-18"]
[Site "England ENG"]
[Date "2018.05.07"]
[Round "11.78"]
[White "Burnett, Andrew"]
[Black "Regan, Natasha K"]
[Result "1/2-1/2"]
[WhiteTitle "FM"]
[BlackTitle "WIM"]
[WhiteElo "2155"]
[BlackElo "1950"]
[WhiteTeam "Alba"]
[BlackTeam "Barbican 4NCL"]
[WhiteFideId "2400855"]
[BlackFideId "403067"]
[EventDate "2017.11.11"]

1. d4 f5 2. Nc3 Nf6 3. Bg5 g6 4. Qd2 Nc6 5. Bxf6 exf6 6. a3 b6 7. h4 Bb7 8. h5
g5 9. e3 Bd6 10. O-O-O a6 11. Bd3 Ne7 12. Nf3 Qb8 13. Qe2 Qa7 14. e4 O-O-O 15.
e5 fxe5 16. dxe5 Bc5 17. Nxg5 Rhg8 18. Nf7 Rdf8 19. e6 dxe6 20. Qxe6+ Kb8 21.
Ne5 Bc8 22. Qh6 Bd6 23. Rde1 b5 24. Qxh7 Qc5 25. Nf7 Bf4+ 26. Kd1 Rxg2 27. Ne2
Rxf2 28. Nxf4 Rxf4 29. Qh6 Nd5 30. Re5 Rd4 31. b4 Rxd3+ 32. cxd3 Qd4 33. Qxf8
Qa1+ 34. Ke2 Qxh1 35. Rxd5 Qxd5 36. h6 f4 37. Qg7 Qe6+ 38. Ne5 Qh3 39. Nc6+ Kb7
40. Nd8+ Kb8 41. Nc6+ Kb7 42. Ne5 Qe3+ 43. Kd1 f3 44. h7 Qe2+ 45. Kc1 f2 46.
Qg2+ Ka7 47. h8=Q f1=Q+ 48. Qxf1 Qxf1+ 49. Kd2 Qf2+ 50. Kc3 Qe1+ 51. Kc2 Be6 52.
Nc6+ Kb6 53. Nd4 Qf2+ 1/2-1/2

[Event "4NCL 2017-18"]
[Site "England ENG"]
[Date "2018.05.07"]
[Round "11.81"]
[White "Swindells, Jonathan E"]
[Black "Bisby, Daniel L"]
[Result "1-0"]
[BlackTitle "FM"]
[WhiteElo "2223"]
[BlackElo "2322"]
[WhiteTeam "The ADs"]
[BlackTeam "Cambridge University"]
[WhiteFideId "421863"]
[BlackFideId "404586"]
[EventDate "2017.11.11"]

1. e4 g6 2. Nc3 Bg7 3. f4 c5 4. Nf3 Nc6 5. g3 e6 6. Bg2 d6 7. O-O Nge7 8. d3 O-O
9. Kh1 Rb8 10. Qe1 Nd4 11. Nxd4 cxd4 12. Ne2 b5 13. Bd2 e5 14. c3 dxc3 15. Bxc3
Be6 16. b3 f5 17. Rd1 Bf7 18. d4 exf4 19. Nxf4 g5 20. Nh3 b4 21. Bxb4 Bh5 22.
Ba5 Qd7 23. Rc1 fxe4 24. Rxf8+ Rxf8 25. Rc7 Qe6 26. Nxg5 Qf6 27. Nxe4 Qe6 28.
Ng5 Qxe1+ 29. Bxe1 Re8 30. Ne6 Nf5 31. d5 Bd4 32. Bb4 Bb6 1-0